Linear programming with game theory (Record no. 241186)

MARC details
000 -LEADER
fixed length control field 00856nam a22002297a 4500
005 - DATE AND TIME OF LATEST TRANSACTION
control field 20260408150701.0
008 - FIXED-LENGTH DATA ELEMENTS--GENERAL INFORMATION
fixed length control field 260408b |||||||| |||| 00| 0 eng d
020 ## - INTERNATIONAL STANDARD BOOK NUMBER
International Standard Book Number 9789389396331
040 ## - CATALOGING SOURCE
Transcribing agency AL
041 ## - LANGUAGE CODE
Language code of text/sound track or separate title eng
082 ## - DEWEY DECIMAL CLASSIFICATION NUMBER
Classification number 519.76
Item number PUNL
100 ## - MAIN ENTRY--PERSONAL NAME
Personal name Sudhir Kumar Pundir
100 ## - MAIN ENTRY--PERSONAL NAME
9 (RLIN) 260867
245 ## - TITLE STATEMENT
Title Linear programming with game theory
260 ## - PUBLICATION, DISTRIBUTION, ETC.
Place of publication, distribution, etc. New Delhi
Name of publisher, distributor, etc. CBS Publishers and Distributors Pvt Ltd
Date of publication, distribution, etc. 2023
300 ## - PHYSICAL DESCRIPTION
Extent iv,552p
Other physical details PB
Dimensions 24.5x17
365 ## - TRADE PRICE
Source of price type code Computer Science Engineering
Price type code VBI-2645
Price amount ₹420.00
Currency code
Unit of pricing ₹560.00
Price note 25%
Price effective from 20-02-206
520 ## - SUMMARY, ETC.
Summary, etc. Linear programming with game theory (pb 2020)pundir S.K.Latest available information and guidelines are incorporated. Easy to understand and thorough content.
650 ## - SUBJECT ADDED ENTRY--TOPICAL TERM
Topical term or geographic name entry element Simplex Method
9 (RLIN) 260868
650 ## - SUBJECT ADDED ENTRY--TOPICAL TERM
Topical term or geographic name entry element Convex Sets
9 (RLIN) 260869
650 ## - SUBJECT ADDED ENTRY--TOPICAL TERM
Topical term or geographic name entry element Goal Programming
9 (RLIN) 260870
942 ## - ADDED ENTRY ELEMENTS (KOHA)
Source of classification or shelving scheme Dewey Decimal Classification
Koha item type Book
Holdings
Withdrawn status Lost status Source of classification or shelving scheme Damaged status Not for loan Collection code Home library Current library Date acquired Source of acquisition Cost, normal purchase price Total Checkouts Full call number Barcode Date last seen Cost, replacement price Price effective from Koha item type
    Dewey Decimal Classification     Computer Science and Engineering St Aloysius Engineering Library St Aloysius Engineering Library 04/07/2026 Vidyarthi Books, Bengaluru-560076 393.75   519.76 PUNL SE000449 04/08/2026 525.00 02/20/2026 Book